000 00700nam a2200229 4500
001 127945
003 ES-MaACL
005 20251001145426.0
007 t|
008 070214s1968 sp r ||||1| spa d
080 _a53(076)
080 _a51(076)
100 1 _aRío, José María.
_997305
245 1 0 _aColección de problemas de matemáticas y física /
_cJosé María Río, Sixto Ríos.
260 _aMadrid :
_bMagisterio Español,
_c1968.
300 _a422 p. :
_bil. ;
_c23 cm.
650 4 _aMatemáticas-
_vProblemas
_914830
650 4 _aFísica-
_vProblemas.
_912885
700 1 _aRíos, Sixto,
_d1913-2008
_997375
852 _aES-MaACL
_jE-7652
999 _c127945
_d127945